000 00759nam a2200217Ia 4500
003 GCL
005 20240530102206.0
008 140319s1989 ua g b 000 0 ara d
017 _a3212/1989
_bمصر. دار الكتب
020 _a9771540491
040 _aGCL /
_cGCL
082 0 4 _a658.151
_bع ر
100 0 _aعوف محمود الكفراوى
245 1 2 _aالرقابة المالية :
_bالنظرية والتطبيق /
_cعوف محمود الكفراوى
260 _aالاسكندرية :
_bمؤسسة شباب الجامعة ،
_c1989
300 _a388 ص. ؛
_c24 سم.
504 _aيشتمل على ارجاعات ببليوجرافية
650 0 7 _2qrmak
_aالمالية
650 0 7 _2qrmak
_aالرقابة
942 _2ddc
_cBK
999 _c30452
_d30452